France at the Eurovision Song Contest - Statistics

General Stats
  • This quiz has been taken 99 times
    18 since last reset
  • The average score is 18 of 68
Answer Stats
Year Song Artist % Correct
2021 Voilà Barbara Pravi
88%
2025 Maman Louane
88%
2023 Évidemment La Zarra
81%
2024 Mon amour Slimane
81%
2016 J’ai cherché Amir
75%
2018 Mercy Madame Monsieur
63%
1993 Mama Corsica Patrick Fiori
56%
2019 Roi Bilal Hassani
50%
1960 Tom Pillibi Jacqueline Boyer
50%
1977 L'oiseau et l'enfant Marie Myriam
50%
2017 Requiem Alma
44%
1991 C'est le dernier qui a parlé qui a raison Amina
44%
1979 Je suis l'enfant soleil Anne-Marie David
44%
1962 Un premier amour Isabelle Aubret
44%
1968 La source Isabelle Aubret
44%
2012 Echo (You and I) Anggun
38%
1990 White and black blues Joëlle Ursull
38%
2015 N’oubliez pas Lisa Angell
38%
2009 Et s'il fallait le faire Patricia Kaas
38%
2008 Divine Sébastien Tellier
38%
2014 Moustache Twin Twin
38%
2001 Je n'ai que mon âme Natasha St-Pier
31%
2002 Il faut du temps Sandrine François
31%
2022 Fulenn Alvan & Ahez
25%
1958 Dors, mon amour André Claveau
25%
1976 Un, deux, trois Catherine Ferry
25%
1969 Un jour, un enfant Frida Boccara
25%
1970 Marie-Blanche Guy Bonnet
25%
1983 Vivre Guy Bonnet
25%
1965 N'avoue jamais Guy Mardel
25%
2010 Allez ola olé Jessy Matador
25%
2004 À chaque pas Jonatan Cerrada
25%
2007 L'amour à la française Les Fatals Picards
25%
1989 J'ai volé la vie Nathalie Pâque
25%
1995 Il me donne rendez-vous Nathalie Santamaria
25%
2013 L'enfer et moi Amandine Bourgeois
19%
2011 Sognu Amaury Vassili
19%
1997 Sentiments songes Fanny
19%
1988 Chanteur de charme Gérard Lenorman
19%
1981 Humanahum Jean Gabilou
19%
1992 Monté la riviè Kali
19%
2003 Monts et merveilles Louisa Baïleche
19%
1956 Le temps perdu Mathé Altéry
19%
2005 Chacun pense à soi Ortal
19%
1971 Un jardin sur la terre Serge Lama
19%
2000 On aura le ciel Sofia Mestari
19%
1963 Elle était si jolie Alain Barrière
13%
1986 Européennes Cocktail Chic
13%
1996 Diwanit bugale Dan Ar Braz & L'Héritage des Celtes
13%
1998 Où aller Marie Line
13%
1999 Je veux donner ma voix Nayah
13%
1967 Il doit faire beau là-bas Noëlle Cordier
13%
1957 La belle amour Paule Desjardins
13%
1980 Hé, hé m'sieurs dames Profil
13%
2006 Il était temps Virginie Pouchain
13%
1956 Il est là Dany Dauberson
6%
1959 Oui, oui, oui, oui Jean Philippe
6%
1978 Il y aura toujours des violons Joël Prévost
6%
1975 Et bonjour à toi l'artiste Nicole Rieu
6%
1994 Je suis un vrai garçon Nina Morato
6%
1964 Le chant de Mallory Rachel
6%
1984 Autant d'amoureux que d'étoiles Annick Thoumazeau
0%
1972 Comé-comédie Betty Mars
0%
1987 Les mots d'amour n'ont pas de dimanche Christine Minier
0%
1966 Chez nous Dominique Walter
0%
1961 Printemps, avril carillonne Jean-Paul Mauric
0%
1973 Sans toi Martine Clémenceau
0%
1985 Femme dans ses rêves aussi Roger Bens
0%
No matching quizzes found
Score Distribution
Percent of People with Each Score
Percentile by Number Answered
Your Score History
You have not taken this quiz since the last reset